Kabeer (Record no. 6665)

MARC details
000 -LEADER
fixed length control field 00624 a2200181 4500
005 - DATE AND TIME OF LATEST TRANSACTION
control field 2008082905205.0
008 - FIXED-LENGTH DATA ELEMENTS--GENERAL INFORMATION
fixed length control field 080829t xxu||||| |||| 00| 0 eng d
010 ## - LIBRARY OF CONGRESS CONTROL NUMBER
LC control number ENG-87459
020 ## - INTERNATIONAL STANDARD BOOK NUMBER
Terms of availability 200.00
035 ## - SYSTEM CONTROL NUMBER
System control number EN-70992
037 ## - SOURCE OF ACQUISITION
Source of stock number/acquisition DBAD / PUB
082 ## - DEWEY DECIMAL CLASSIFICATION NUMBER
Classification number 821
245 ## - TITLE STATEMENT
Title Kabeer
Remainder of title selected poems
Statement of responsibility, etc translated by Prabhu Datta Sharma " Pathik "
260 ## - PUBLICATION, DISTRIBUTION, ETC. (IMPRINT)
Place of publication, distribution, etc Jaipur
Name of publisher, distributor, etc Research Publications
Date of publication, distribution, etc 2005
300 ## - PHYSICAL DESCRIPTION
Extent iv, 77 p.
Dimensions 22 cm ( Hb.)
942 ## - ADDED ENTRY ELEMENTS (KOHA)
Institution code [OBSOLETE] dpl
Koha item type English Books
Call number prefix 821/KAB
Source of classification or shelving scheme Dewey Decimal Classification
Classification part 821
Call number suffix KAB
Holdings
Withdrawn status Lost status Damaged status Not for loan Home library Current library Date acquired Cost, normal purchase price Total Checkouts Full call number Barcode Date last seen Copy number Uniform Resource Identifier Cost, replacement price Price effective from Koha item type
        D.B.Act.Division D.B.Act.Division 29/08/2008 200.00   821 KAB EN-70992 15/09/2008 1 7167 200.00 15/09/2008 English Books

© Delhi Public Library
Hit Counter
free hit counter